grille de punette - Statistiques

Statistiques générales
  • Ce quiz a été pris 8 fois
  • Le résultat moyen est 4 sur 13
Statistiques - réponses
Hint Réponse % Correct
ils sont plus fréquemment lié a X
100%
une femme a une des chromosomes sexuels X X
75%
et un homme X Y
75%
une gène situé sur l'un ou l'autre des chromosomes sexuel est appelé gène lié au sexe
25%
une grille étudiant les possibilité de gène pour la gène F1 et F2 s'appelle un grille de punette
25%
pour un mâle hemizygote
25%
pour qu'un caractère récessif lié a X s'exprime il a besoinde deux copie de l'alléle homozygote
25%
la première preuve solide associant un gène spécifique a un chromosome spécifique a été apporté par Thomas Hunt Morgan
25%
chez la femelle le X inactif se condense en corpuscule de Barr
0%
gènes non liés : éloigné ou autre chromosomes
0%
gènes liés : en proximité chromosomique
0%
les gène situé sur le même chromosomes qui ont tendance a être héritée ensemble, sont appelée """"" """ gènes liés
0%
si une femelle est hétérozygote pour un gène situé sur X elle sera une """""" pour ce caractère mosaïque
0%
Aucun quiz correspondant
Distribution des résultats
% des personnes avec chaque résultat
Percentile par nombre de réponses
Votre historique - résultats
Vous n’avez pas pris ce quiz